000 00241nam a22001217a 4500
041 _aENG
100 _aYaacob.O
245 _aMangosteen Cultivation
260 _aRome
_bFao
_c1995
300 _a100
650 _aFAO
856 _uFAO ( 01 )
999 _c2368
_d2368